Missing Word: Movies, Books & Music (L) Quiz Stats

Quiz Updated Jul 6, 2017

Challenge
Share
Tweet
Embed
Score 0/21 Timer 02:00
3 Plays Today
Hint Answer % Correct
MusicLie
98.1%
MoviesLet
96.5%
BooksLeave
96.5%
BooksLife
95.7%
MoviesLittle
93.2%
BooksLay
92.6%
MusicLines
90%
MusicLady
87.1%
MoviesLegally
86.6%
BooksLoathing
83.7%
MoviesLion
81.6%
Hint Answer % Correct
BooksLovely
78%
MoviesLucky
72.9%
MusicLondon
71.3%
MusicLonesome
70.7%
MoviesLabyrinth
67.4%
MusicLeaving
64.4%
MoviesLiaisons
55.5%
BooksLongest
42.9%
BooksLightning
26.3%
MusicLiverpool
24.4%

Today's Daily Dose

You're not logged in!

Compare scores with friends on all Sporcle quizzes.
Sign Up with Email
OR
Log In

You Might Also Like...

Show Comments

Extras

Top Quizzes Today


Score Distribution

Your Account Isn't Verified!

In order to create a playlist on Sporcle, you need to verify the email address you used during registration. Go to your Sporcle Settings to finish the process.